[Event "Hamarturneringen 2018"]
[Site "Hamar"]
[Date "2018.12.06"]
[Round "7"]
[White "Kristiansen, Ole-Jakob"]
[Black "Storli, Frode"]
[Result "0-1"]
[WhiteElo "1977"]
[BlackElo "1564"]
[PlyCount "66"]
[EventDate "2018.??.??"]

1. c4 e5 2. Nc3 Bb4 3. Nd5 Bc5 4. e3 Nf6 5. b4 Be7 6. Bb2 Nxd5 7. cxd5 d6 8.
Qc2 Nd7 9. Rc1 Nb6 10. e4 O-O 11. Qxc7 f5 12. Qxd8 Bxd8 13. d3 Bd7 14. Ne2 a5
15. Ba3 Bg5 16. Ra1 fxe4 17. dxe4 Nc4 18. Bc1 Bd8 19. b5 a4 20. f3 Ba5+ 21. Kf2
Bb6+ 22. Kg3 Ne3 23. Rb1 Nd1 24. h3 Nf2 25. Rg1 Nd3 26. Ba3 Rf6 27. Rh1 Rg6+
28. Kh2 Nf2 29. Rg1 Rf8 30. Nc3 Nxh3 31. gxh3 Bxg1+ 32. Kh1 Rxf3 33. Be2 Rxh3#
0-1

[Event "Hamarturneringen 2018"]
[Site "Hamar"]
[Date "2018.12.06"]
[Round "7"]
[White "Ormåsen, Steinar"]
[Black "Bjørtomt, Erling"]
[Result "1-0"]
[WhiteElo "1771"]
[BlackElo "1497"]
[PlyCount "101"]
[EventDate "2018.??.??"]

1. e4 c5 2. Nf3 Nc6 3. d4 cxd4 4. Nxd4 e6 5. Be2 Nf6 6. Nc3 Be7 7. Nb3 O-O 8.
Be3 d5 9. exd5 exd5 10. O-O Be6 11. Nb5 a6 12. N5d4 Qd7 13. Bf4 Bd6 14. Bxd6
Qxd6 15. Re1 Rfe8 16. c3 Ne4 17. Bf3 Nc5 18. Qc2 Nxb3 19. Nxb3 Rac8 20. Rad1
Ne5 21. Be2 b5 22. a3 Ng4 23. g3 Nf6 24. Rd4 Qd7 25. Red1 Bf5 26. Bd3 Bg4 27.
Rc1 Bf3 28. Rf4 Be4 29. Rd1 Qh3 30. f3 Bxd3 31. Qxd3 Qe6 32. Nd4 Qe3+ 33. Kf1
Qxd3+ 34. Rxd3 Nd7 35. Nf5 Nb6 36. Nd6 Nc4 37. Nxc8 Nxb2 38. Rxd5 Rxc8 39. Rd7
Rf8 40. Ra7 Nd3 41. Rf5 f6 42. Rd5 Ne5 43. f4 Ng4 44. Rdd7 Ne3+ 45. Ke2 Nf5 46.
g4 Re8+ 47. Kd2 Nh6 48. Rxg7+ Kf8 49. Rxh7 Rd8+ 50. Ke3 Nxg4+ 51. Kf3
1-0

[Event "Hamarturneringen 2018"]
[Site "Hamar"]
[Date "2018.12.06"]
[Round "7"]
[White "Bjørnstad, Niklas Eriksen"]
[Black "Tøstibakken, Odd N"]
[Result "0-1"]
[WhiteElo "1537"]
[BlackElo "1383"]
[PlyCount "64"]
[EventDate "2018.??.??"]

1. e4 d5 2. e5 Bf5 3. d4 e6 4. h4 c5 5. g4 Bxc2 6. Qxc2 cxd4 7. Bb5+ Nd7 8. Qa4
Rc8 9. Bd2 Bc5 10. Ne2 a6 11. Bxd7+ Qxd7 12. Qxd7+ Kxd7 13. b4 Ba7 14. O-O d3
15. Nec3 Rc4 16. Kg2 Rxg4+ 17. Kh3 Rxb4 18. Nxd5 Rb5 19. Nbc3 Rxd5 20. Nxd5
exd5 21. Rab1 b5 22. a4 Ne7 23. axb5 axb5 24. Rxb5 Ke6 25. f4 Rc8 26. Rf3 Kf5
27. Rb7 Ke4 28. Re3+ Bxe3 29. Rxe7 Bxd2 30. Rxf7 Bxf4 31. e6 d2 32. Kg4 d1=Q+
0-1

[Event "Hamarturneringen 2018"]
[Site "Hamar"]
[Date "2018.12.06"]
[Round "7"]
[White "Flermoen, Markus"]
[Black "Søberg, Trond"]
[Result "0-1"]
[WhiteElo "1704"]
[BlackElo "1249"]
[PlyCount "78"]
[EventDate "2018.??.??"]

1. d4 d5 2. c4 dxc4 3. Nf3 Nf6 4. Bg5 e6 5. e4 Be7 6. Nc3 c6 7. Bxc4 Qa5 8. O-O
Ng8 9. Bxe7 Nxe7 10. Ne5 b5 11. Bb3 O-O 12. Qd3 Ba6 13. a3 b4 14. Bc4 bxc3 15.
Bxa6 cxb2 16. Rab1 Qxa6 17. Qc3 Qc8 18. Rxb2 Nd7 19. Ng4 Nb6 20. Qg3 Nc4 21.
Rc2 Nd6 22. Re2 Nb5 23. Rd2 Qa6 24. f4 Qxa3 25. Rd3 Qd6 26. e5 Qd8 27. Qe1 Nf5
28. Rh3 h6 29. Nf2 Qxd4 30. Kh1 Qxf4 31. Ne4 Qxe5 32. g4 Nfd4 33. Rg1 f5 34. g5
Qxe4+ 35. Qxe4 fxe4 36. gxh6 Nf5 37. Rxg7+ Nxg7 38. hxg7 Kxg7 39. Rg3+ Kf7
0-1